000 00879nam0a22002411 4500
001 rc\726829
005 20260407223649.0
035 _a(NLR Aleph) 006257868
090 _a6817333
_c6817333
100 _a20040301d1985 |||y0rusy50 ca
101 0 _arus
102 _aRU
105 _ay |||||||||
200 1 _aЗаконы Азербайджанской ССР о районном, городском, районном в городе, поселковом, сельском Совете народных депутатов Азербайджанской ССР
210 _aБаку
_cАзернешр
_d1985
215 _a211 с.
_d17
740 1 _aАзССР
_tЗаконы и постановления
_9797830
_3RU\NLR\AUTH\8810151563
801 0 _aRU
_bNLR
_gpsbo
801 1 _aRU
_bELAR
_2rusmarc
852 _aNLR
_j85-2/2165
942 _cBOOK
980 _aNB